Sacred power, sacred space : (Record no. 18471)
[ view plain ]
| 000 -LEADER | |
|---|---|
| fixed length control field | 01672cam a2200289 a 4500 |
| 001 - CONTROL NUMBER | |
| control field | 15030136 |
| 005 - DATE AND TIME OF LATEST TRANSACTION | |
| control field | 20161220153541.0 |
| 008 - FIXED-LENGTH DATA ELEMENTS--GENERAL INFORMATION | |
| fixed length control field | 071001s2008 enka b 001 0 eng |
| 010 ## - LIBRARY OF CONGRESS CONTROL NUMBER | |
| LC control number | 2007040449 |
| 020 ## - INTERNATIONAL STANDARD BOOK NUMBER | |
| International Standard Book Number | 9780195314694 (cloth) |
| 020 ## - INTERNATIONAL STANDARD BOOK NUMBER | |
| International Standard Book Number | 9780195336061 (pbk.) |
| 040 ## - CATALOGING SOURCE | |
| Original cataloging agency | DLC |
| Transcribing agency | DLC |
| Modifying agency | DLC |
| 050 00 - LIBRARY OF CONGRESS CALL NUMBER | |
| Classification number | NA4605 |
| Item number | .K48 2008 |
| 100 1# - MAIN ENTRY--PERSONAL NAME | |
| Personal name | Kilde, Jeanne Halgren, |
| Dates associated with a name | 1957- |
| 245 10 - TITLE STATEMENT | |
| Title | Sacred power, sacred space : |
| Remainder of title | an introduction to Christian architecture and worship / |
| Statement of responsibility, etc. | Jeanne Halgren Kilde. |
| 260 ## - PUBLICATION, DISTRIBUTION, ETC. (IMPRINT) | |
| Place of publication, distribution, etc. | Oxford ; |
| -- | New York : |
| Name of publisher, distributor, etc. | Oxford University Press, |
| Date of publication, distribution, etc. | 2008. |
| 300 ## - PHYSICAL DESCRIPTION | |
| Extent | 236 p. : |
| Other physical details | ill. ; |
| Dimensions | 24 cm. |
| 504 ## - BIBLIOGRAPHY, ETC. NOTE | |
| Bibliography, etc | Includes bibliographical references and index. |
| 505 0# - FORMATTED CONTENTS NOTE | |
| Formatted contents note | A method for thinking about power dynamics in Christian space -- Early Christian meeting space in the Roman empire -- Imperial power in Constantinian and Byzantine churches -- From abbey to great church, fortress to heavenly city -- Transformations of the Renaissance and Reformation -- Formalism and non- or anti-formalism in worship and architecture -- Historicism, modernism, and space -- Concluding observations. |
| 650 #0 - SUBJECT ADDED ENTRY--TOPICAL TERM | |
| Topical term or geographic name as entry element | Liturgy and architecture |
| General subdivision | History. |
| 650 #0 - SUBJECT ADDED ENTRY--TOPICAL TERM | |
| Topical term or geographic name as entry element | Church architecture |
| General subdivision | History. |
| 942 ## - ADDED ENTRY ELEMENTS (KOHA) | |
| Source of classification or shelving scheme | |
| Koha item type | Hard Covered Materials |
| Classification part | NA4605 .K48 2008 |
No items available.